000 00644nam a2200229Ia 4500
003 OSt
005 20220926033915.0
006 a|||||r|||| 00| 0
007 ta
008 220923b |||||||| |||| 00| 0 eng d
037 _cGeneral Book
040 _aRTL
_cRTL
_beng
041 _2eng
_aeng
082 _aY:677:g, N3
100 _aSeabrook Jeremy
_9141087
245 0 _aVictims of development
_b Resistance and alternative
260 _aVerso
_bLondon
_c1993
300 _avi,250p
_ccm.
650 _aSocial Development
_9230960
942 _hY:677:g, N3
_cGB
_2CC
999 _c658261
_d658261